street-foods du monde - Statistiques

Statistiques générales
  • Ce quiz a été pris 111 fois
  • Le résultat moyen est 7 sur 13
Statistiques - réponses
Par images Réponse % Correct
hot dog
95%
Pizza
95%
Churros
92%
tacos
88%
Fish-and-Chips
67%
Poutine
67%
falafel
54%
Gyoza
48%
Empanadas
42%
samoussas
23%
currywurst
17%
Bánh Mì
14%
kanelbullar
0%
Aucun quiz correspondant
Distribution des résultats
% des personnes avec chaque résultat
Percentile par nombre de réponses
Votre historique - résultats
Vous n’avez pas pris ce quiz